<?xml version="1.0" encoding="UTF-8"?>
<record
    xmlns:xsi="http://www.w3.org/2001/XMLSchema-instance"
    xsi:schemaLocation="http://www.loc.gov/MARC21/slim http://www.loc.gov/standards/marcxml/schema/MARC21slim.xsd"
    xmlns="http://www.loc.gov/MARC21/slim">

  <leader>01074nam a22001817a 4500</leader>
  <controlfield tag="008">140923b        xxu||||| |||| 00| 0 eng d</controlfield>
  <datafield tag="020" ind1=" " ind2=" ">
    <subfield code="a">9780409044188</subfield>
  </datafield>
  <datafield tag="050" ind1=" " ind2=" ">
    <subfield code="a">KRX856.A28</subfield>
  </datafield>
  <datafield tag="110" ind1=" " ind2=" ">
    <subfield code="a">Ghana.</subfield>
  </datafield>
  <datafield tag="245" ind1=" " ind2=" ">
    <subfield code="a">Accountancy, business and finance: commercial law. /</subfield>
    <subfield code="c">Ghana.</subfield>
  </datafield>
  <datafield tag="260" ind1=" " ind2=" ">
    <subfield code="a">Durban :</subfield>
    <subfield code="b">Lexis Nexis,</subfield>
    <subfield code="c">2008.</subfield>
  </datafield>
  <datafield tag="300" ind1=" " ind2=" ">
    <subfield code="a">700 p. :</subfield>
    <subfield code="c">24 cm.</subfield>
  </datafield>
  <datafield tag="440" ind1=" " ind2=" ">
    <subfield code="p">Ghana legislation handbook series.</subfield>
  </datafield>
  <datafield tag="500" ind1=" " ind2=" ">
    <subfield code="a">Includes index.</subfield>
  </datafield>
  <datafield tag="505" ind1=" " ind2=" ">
    <subfield code="a">Contents: Bodies Corporate (Official Liquidations) Act, 180 of 1963 -- Chartered Accountants Act, 170 of 1963 -- Companies Act, 179 of 1963 -- Confiscated Assets (Recovery and Disposal) Committee Act, A. F. R. C. D. 25 of 1979 -- Copyright Act 690 of 2005 -- Hire-Purchase Act, N. R. C. D. 292 of 1974 -- Incorporated Private Partnerships Act, 152 of 1962 -- Insolvency Act, 708 of 2006 -- Insurance Act, 724 of 2006 -- Internal Revenue Act, 592 of 2000 -- Registration of Business Names Act, 151 of 1962 -- Sale of Goods Act, 137 of 1962 -- Value Added Tax Act, 546 of 1988.</subfield>
  </datafield>
  <datafield tag="650" ind1=" " ind2=" ">
    <subfield code="a">Commercial law.</subfield>
  </datafield>
  <datafield tag="942" ind1=" " ind2=" ">
    <subfield code="2">lcc</subfield>
    <subfield code="c">BK</subfield>
  </datafield>
  <datafield tag="999" ind1=" " ind2=" ">
    <subfield code="c">5079</subfield>
    <subfield code="d">12579</subfield>
  </datafield>
  <datafield tag="952" ind1=" " ind2=" ">
    <subfield code="0">0</subfield>
    <subfield code="1">0</subfield>
    <subfield code="2">lcc</subfield>
    <subfield code="4">0</subfield>
    <subfield code="7">0</subfield>
    <subfield code="a">WIUC-1</subfield>
    <subfield code="b">WIUC-1</subfield>
    <subfield code="c">LL</subfield>
    <subfield code="d">2014-09-23</subfield>
    <subfield code="l">0</subfield>
    <subfield code="o">KRX856.A28</subfield>
    <subfield code="p">059/13</subfield>
    <subfield code="r">2014-09-23 00:00:00</subfield>
    <subfield code="t">1</subfield>
    <subfield code="w">2014-09-23</subfield>
    <subfield code="y">BK</subfield>
  </datafield>
  <datafield tag="952" ind1=" " ind2=" ">
    <subfield code="0">0</subfield>
    <subfield code="1">0</subfield>
    <subfield code="2">lcc</subfield>
    <subfield code="4">0</subfield>
    <subfield code="7">0</subfield>
    <subfield code="a">WIUC-1</subfield>
    <subfield code="b">WIUC-1</subfield>
    <subfield code="c">LL</subfield>
    <subfield code="d">2014-09-23</subfield>
    <subfield code="l">0</subfield>
    <subfield code="o">KRX856.A281</subfield>
    <subfield code="p">2591/132/18</subfield>
    <subfield code="r">2018-11-07 00:00:00</subfield>
    <subfield code="t">2</subfield>
    <subfield code="w">2014-09-23</subfield>
    <subfield code="y">BK</subfield>
  </datafield>
  <datafield tag="952" ind1=" " ind2=" ">
    <subfield code="0">0</subfield>
    <subfield code="1">0</subfield>
    <subfield code="2">lcc</subfield>
    <subfield code="4">0</subfield>
    <subfield code="7">0</subfield>
    <subfield code="a">WIUC-1</subfield>
    <subfield code="b">WIUC-1</subfield>
    <subfield code="c">LL</subfield>
    <subfield code="d">2014-09-23</subfield>
    <subfield code="l">0</subfield>
    <subfield code="o">KRX856.A282</subfield>
    <subfield code="p">2592/133/18</subfield>
    <subfield code="r">2018-11-07 00:00:00</subfield>
    <subfield code="t">3</subfield>
    <subfield code="w">2014-09-23</subfield>
    <subfield code="y">BK</subfield>
  </datafield>
</record>
